| 000 | 00428nam a2200157Ia 4500 | ||
|---|---|---|---|
| 008 | 210716s2002 xx 000 0 und d | ||
| 041 | _aeng | ||
| 082 | _a574.80285 KHAI | ||
| 100 | _aKhan, Irfan A; Khanum, Atiya. | ||
| 245 | _aEmerging trends in bioinformatics. | ||
| 250 | _a1 | ||
| 260 |
_aHyderabad _bUkaaz Publications _c2002 |
||
| 300 | _axi,297 | ||
| 650 | _aBioinformatics | ||
| 700 | _aKhan, Irfan A; Khanum, Atiya. | ||
| 999 |
_c186880 _d186880 |
||